| 000 | 00575nam a2200181Ia 4500 | ||
|---|---|---|---|
| 008 | 100917s9999 xx 000 0 und d | ||
| 082 | _b21624 | ||
| 100 | _aआठल्ये कृष्णाजी नारायण | ||
| 245 | _aसार्थ अेकनाथी भागवत | ||
| 260 |
_b--- _c1971 |
||
| 300 | _a1320 | ||
| 365 | _b60 | ||
| 520 | _aपुराण | ||
| 630 | _aसार्थ अेकनाथी भागवत | ||
| 650 | _aपुराण | ||
| 730 | _aसार्थ अेकनाथी भागवत | ||
| 942 | _cBOOK | ||
| 999 |
_c627018 _d627015 |
||